Judas Priest albums - Statistics

General Stats
  • This quiz has been taken 799 times
  • The average score is 12 of 17
Answer Stats
Hint Answer % Correct
1980 British Steel
93%
1990 Painkiller
91%
1974 Rocka Rolla
84%
1986 Turbo
81%
1982 Screaming for Vengeance
80%
1984 Defenders of the Faith
74%
1976 Sad Wings of Destiny
74%
1988 Ram It Down
69%
1978 Stained Class
68%
2008 Nostradamus
67%
1981 Point of Entry
63%
1977 Sin After Sin
63%
1978 Killing Machine
61%
2005 Angel of Retribution
58%
1997 Jugulator
56%
2014 Redeemer of Souls
44%
2001 Demolition
40%
No matching quizzes found
Score Distribution
Percent of People with Each Score
Percentile by Number Answered
Your Score History
You have not taken this quiz